| 000 | 01053nam a2200325Ia 4500 | ||
|---|---|---|---|
| 001 | dia_111 | ||
| 003 | CHAP | ||
| 005 | 20260121141447.0 | ||
| 008 | 220117s1991 xx 000 0 und d | ||
| 010 | _a170542 | ||
| 020 | _a970-10-0035-8 | ||
| 040 | _cCHAP | ||
| 082 | _a158.7 S38 1991 | ||
| 100 |
_aSchultz, Duane P. _9147221 |
||
| 245 |
_aPsicología industrial / _c Duane P. Schultz ; traducción José C. Pecina Hernández |
||
| 250 | _a3a ed. | ||
| 260 |
_aMéxico : _b McGraw-Hill, _c1991 |
||
| 300 | _axiv, 457 p. | ||
| 500 | _aTìtulo original: Psychology and industry today: introduction to industrial and organizational psychology | ||
| 503 | _aC/e | ||
| 504 | _aIncluye bibliografías | ||
| 590 | _aHF5548.8 S38 1991 | ||
| 650 |
_aPsicología industrial _992613 |
||
| 650 |
_aPsychology, Industrial _9147222 |
||
| 700 | 1 |
_aPecina Hernández, José Carmen, _etraductor _9147223 |
|
| 901 | _a158.7 S38 1991 | ||
| 902 | _aM | ||
| 905 | _a5232271991 mx aimn8222223322spa16 | ||
| 942 |
_cLIBRO _2ddc |
||
| 999 |
_c170542 _d170542 |
||